Statistiques concernant 23 arrondissements spéciaux de Tokyo

Cliquez ici pour prendre le quiz!

Statistiques générales

  • Ce quiz a été pris 17 fois
  • Le résultat moyen est 10 sur 23

Statistiques - réponses

Arrondissement % Correct
Shinjuku
93%
Shibuya
73%
Nakano
60%
Minato
60%
Chiyoda
60%
Shinagawa
53%
Edogawa
47%
Setagaya
47%
Chuo
40%
Itabashi
40%
Sumida
40%
Meguro
40%
Taito
40%
Nerima
40%
Ota
40%
Kita
40%
Suginami
33%
Adachi
33%
Arakawa
33%
Koto
33%
Katsushika
33%
Bunkyo
33%
Toshima
27%

Distribution des résultats

Percentile par nombre de réponses

% des personnes avec chaque résultat

Votre développement - résultats

Vous n’avez pas pris ce quiz